Návrhy na zlepšenie stratégie v obchodnej spoločnosti zamerané na oblasť spokojnosti zákazníkov diplomová práca
Saved in:
| Main Author: | |
|---|---|
| Corporate Author: | |
| Other Authors: | |
| Format: | Book |
| Language: | Slovak |
| Published: |
Košice
2011
|
| Tags: |
No Tags, Be the first to tag this record!
|
MARC
| LEADER | 00000nbm a2200000 4500 | ||
|---|---|---|---|
| 001 | 0139479 | ||
| 005 | 20161109101919.8 | ||
| 041 | 0 | |a slo | |
| 044 | |a SK | ||
| 245 | 1 | 0 | |a Návrhy na zlepšenie stratégie v obchodnej spoločnosti zamerané na oblasť spokojnosti zákazníkov |b diplomová práca |c Zuzana Sláviková ; školiteľ: Alena Koribaničová |
| 264 | 1 | |a Košice |c 2011 | |
| 300 | |a 65 s. | ||
| 100 | 1 | |a Sláviková, Zuzana | |
| 700 | 1 | |a Koribaničová, Alena | |
| 710 | 2 | |a Podnikovohospodárska fakulta EU so sídlom v Košiciach. Katedra marketingu a obchodu | |